|
|
|
|
| LEADER |
01121nam a22002297a 4500 |
| 001 |
18828 |
| 003 |
BD-DhAAL |
| 005 |
20230612113002.0 |
| 008 |
230612t2004 bg ||||| |||| 00| 0 ben d |
| 020 |
|
|
|a 984820008
|
| 040 |
|
|
|a BD-DhAAL
|d BD-DhAAL
|
| 082 |
|
|
|a 954.9205
|2 22
|
| 100 |
|
|
|a খাতুন, সন্জীদা
|9 53142
|
| 245 |
|
|
|a স্বাধীনতার অভিযাত্রা :
|b ভাষা-আন্দোলন, নববর্ষ, ছায়ানট, মুক্তিযুদ্ধ /
|c সন্জীদা খাতুন
|
| 260 |
|
|
|a ঢাকা :
|b নবযুগ প্রকাশনী,
|c ২০০৪.
|
| 300 |
|
|
|a ১৫৯ পৃষ্ঠা :
|c ২১ সে.মি.
|
| 541 |
|
|
|e 18828
|
| 651 |
|
|
|a বাংলাদেশ
|x ইতিহাস
|y মুক্তিযুদ্ধ, ১৯৭১.
|
| 651 |
|
|
|a Bangladesh
|x History
|y Revolution, 1971.
|
| 942 |
|
|
|2 ddc
|c BK
|
| 999 |
|
|
|c 45861
|d 45861
|
| 952 |
|
|
|0 0
|1 0
|2 ddc
|4 0
|6 954_920500000000000_KHA
|7 0
|9 73774
|a BIGD
|b BIGD
|d 2023-06-12
|g 140.00
|l 0
|o 954.9205 KHA
|p 3050018828
|r 2023-06-12
|t 1
|w 2023-06-12
|y BK
|x Transfer from BDI to BIGD.
|